书目信息 |
| 题名: |
社区工作
|
|
| 作者: | 高鉴国 主编 | |
| 分册: | ||
| 出版信息: | 济南 山东人民出版社 2013 |
|
| 页数: | 364页 | |
| 开本: | 24cm | |
| 丛书名: | ||
| 单 册: | ||
| 中图分类: | C916.2 | |
| 科图分类: | ||
| 主题词: | 社区--工作--高等学校--教材 , 社区 | |
| 电子资源: | ||
| ISBN: | 978-7-209-05794-3 | |
| 000 | 00910nam0 2200265 450 | |
| 001 | 523 | |
| 005 | 20140905093217.25 | |
| 010 | @a978-7-209-05794-3@dCNY38.00 | |
| 100 | @a20131225d2013 em y0chiy50 ea | |
| 101 | 0 | @achi |
| 102 | @aCN@b370000 | |
| 105 | @ay z 000yy | |
| 106 | @ar | |
| 200 | 1 | @a社区工作@AShe Qu Gong Zuo@dCommunity work@f高鉴国主编@FGao Jian Guo Zhu Bian@zeng |
| 210 | @a济南@c山东人民出版社@d2013 | |
| 215 | @a364页@d24cm | |
| 300 | @a高等院校社会工作专业精编通用教材 | |
| 330 | @a本书介绍了社区工作的基本原理和方法,包括社区与社区工作、社区工作的价值观与理论基础、社区工作过程与工作者、地区发展、社会策划、社会行动、社区照顾等内容。 | |
| 510 | 1 | @aCommunity work@zeng |
| 606 | 0 | @a社区@x工作@x高等学校@j教材 |
| 606 | 0 | @a社区 |
| 690 | @aC916.2@v5 | |
| 701 | 0 | @a高鉴国@AGao Jian Guo@f(1957~)@4主编 |
| 801 | 0 | @aCN@bTANGWEI@c20140603 |
| 905 | @b0838246-48@dC916.2@e881@f3 | |
| 社区工作=Community work/高鉴国主编.-济南:山东人民出版社,2013 |
| 364页;24cm |
| 高等院校社会工作专业精编通用教材 |
| ISBN 978-7-209-05794-3:CNY38.00 |
| 本书介绍了社区工作的基本原理和方法,包括社区与社区工作、社区工作的价值观与理论基础、社区工作过程与工作者、地区发展、社会策划、社会行动、社区照顾等内容。 |
| ● |
| 相关链接 |
|
|
|
|
正题名:社区工作
索取号:C916.2/881
 
预约/预借
| 序号 | 登录号 | 条形码 | 馆藏地/架位号 | 状态 | 备注 |
| 1 | 0838246 | 208382463 | 第一样本阅览室/ [索取号:C916.2/881] | 在馆 | |
| 2 | 0838247 | 208382472 | 第一借阅区/ [索取号:C916.2/881] | 在馆 | |
| 3 | 0838248 | 208382481 | 第一借阅区/ [索取号:C916.2/881] | 在馆 |